Victoria 2 Ethnicities: Europe - Statistics

General Stats
  • This quiz has been taken 155 times
  • The average score is 32 of 45
Answer Stats
Answer % Correct
Polish
91%
Swedish
91%
French
90%
Irish
90%
Norwegian
90%
Russian
90%
British
89%
Danish
89%
Finnish
89%
Greek
89%
Spanish
89%
Portuguese
88%
Slovak
88%
Romanian
87%
Ukrainian
87%
Croatian
86%
Bulgarian
85%
Czech
84%
Hungarian
84%
Serbian
84%
Slovene
83%
Lithuanian
82%
Albanian
81%
Dutch
81%
Estonian
81%
Icelandic
80%
Latvian
80%
Catalan
73%
Swiss
73%
Byelorussian
60%
North German
60%
Wallonian
60%
Basque
59%
South German
59%
Flemish
57%
North Italian
56%
Sami
56%
South Italian
56%
Maltese
49%
Bosniak
43%
Tatar
40%
Ashkenazi
27%
Sephardim
15%
Ugrian
10%
North Caucasian
9%
No matching quizzes found
Score Distribution
Percent of People with Each Score
Percentile by Number Answered
Your Score History
You have not taken this quiz